Geography Quiz

Random Geography or State Quiz

Electoral College Votes Quiz Stats

 Plays Quiz not verified by Sporcle

Score 0/51 Timer 03:00
0 Plays Today
State Number of votes % Correct
Alaska3
95%
California55
90%
D.C.3
88.8%
Delaware3
85.5%
Hawaii4
84.2%
Arizona10
84%
Arkansas6
83.2%
Alabama9
82.4%
Idaho4
82.4%
Colorado9
81.9%
Connecticut7
81.3%
Florida27
80.7%
Maine4
78.8%
Kansas6
76.6%
Georgia15
76.1%
Iowa7
74.7%
Indiana11
74.3%
Maryland10
73.2%
Montana3
72.4%
Kentucky8
72.2%
Illinois21
70.8%
Massachusetts12
70.8%
Louisiana9
70.5%
New Hampshire4
68.3%
Michigan17
67.2%
Nebraska5
66.8%
State Number of votes % Correct
Nevada5
65.1%
Minnesota10
64.9%
North Dakota3
63.1%
Mississippi6
62.4%
New Mexico5
62%
New Jersey15
61%
Missouri11
59.8%
New York31
58.1%
North Carolina15
55%
Ohio20
54.1%
Rhode Island4
54.1%
South Dakota3
53.5%
Oklahoma7
52.9%
Oregon7
50.4%
Pennsylvania21
50.4%
Vermont3
48.6%
Texas34
46.5%
Utah5
46.5%
Wyoming3
45.2%
South Carolina8
43.8%
Tennessee11
43.1%
West Virginia5
39.2%
Virginia13
39%
Washington11
38%
Wisconsin10
35.5%

You're not logged in!

Compare scores with friends on all Sporcle quizzes.
OR
Log In

Sporcle TV

Today on Sporcle TV


Watch our educational content, quiz creation guides, and fun videos on Sporcle TV.

Show Comments

Extras

Top Quizzes Today


Score Distribution

Your Account Isn't Verified!

In order to create a playlist on Sporcle, you need to verify the email address you used during registration. Go to your Sporcle Settings to finish the process.

Report this User

Report this user for behavior that violates our Community Guidelines.

Details: